Development of life skills and professional practice / (Record no. 92778)

MARC details
000 -LEADER
fixed length control field 00738nam a22002177a 4500
005 - DATE AND TIME OF LATEST TRANSACTION
control field 20180226103252.0
010 ## - LCCN (DPL NO)
LC control number ENG-112602
020 ## - INTERNATIONAL STANDARD BOOK NUMBER
International Standard Book Number 9789325974203
Terms of availability 150.00
020 ## - INTERNATIONAL STANDARD BOOK NUMBER
International Standard Book Number 9789325976092
Terms of availability 215.00 (AV)
035 ## - SYSTEM CONTROL NUMBER
System control number EN-96134
035 ## - SYSTEM CONTROL NUMBER
System control number B-664864
037 ## - SOURCE OF ACQUISITION
Source of stock number/acquisition DBAD/PUB
082 ## - DEWEY DECIMAL CLASSIFICATION NUMBER
Classification number 158.1
100 ## - MAIN ENTRY--PERSONAL NAME
Personal name Verma, Shalini
245 00 - TITLE STATEMENT
Title Development of life skills and professional practice /
Statement of responsibility, etc by Shalini Verma
260 ## - PUBLICATION, DISTRIBUTION, ETC. (IMPRINT)
Place of publication, distribution, etc New Delhi
Name of publisher, distributor, etc Vikas Publishing House
Date of publication, distribution, etc 2014
270 ## - ADDRESS
Address E-28, Sector-8, Noida
City New Delhi
Postal code 201301
300 ## - PHYSICAL DESCRIPTION
Extent xvi,203p.:
Dimensions 24cm(pbk)
Other physical details ill.
942 ## - ADDED ENTRY ELEMENTS (KOHA)
Source of classification or shelving scheme Dewey Decimal Classification
Item type English Books
Call number suffix VER
Classification part 158.1
Holdings
Withdrawn status Lost status Not for loan Collection code Home library Current library Date acquired Source of acquisition Cost, normal purchase price Full call number Barcode Copy number Cost, replacement price Koha item type
      Non-fiction Ashok Vihar Ashok Vihar 26/02/2018 Mallika Books/62//4.3.17/367/15.02.2017/07.03.2017 215.00 158.1 VER B-664864 1 215.00 English Books
    Not For Loan Non-fiction D.B.Act.Division D.B.Act.Division 08/04/2015 DBAD/PUB 150.00 VER EN-96134 1 150.00 English Books
        D.B.Act.Division D.B.Act.Division 24/07/2017     158.1 VER       English Books

© Delhi Public Library
Hit Counter
free hit counter